000 00233 a2200097 4500
001 32132
100 _aStoll, Henry W
245 _aProduct Design Methods and Practices
260 _aN.Y
_bMarcel Dekker
_c1999
090 _c21576
_d21576
942 _aNUST-CAE
_cM
_c12865
999 _c267205
_d267205